[Event "DEM U12/U12w 2000"]
[Site "Überlingen GER"]
[Date "2000.06.09"]
[Round "9"]
[White "Backes, Marco"]
[Black "Kesten, Sebastian"]
[Result "1/2-1/2"]
[Termination "normal"]
[Board "30"]
[WhiteElo "842"]
[BlackElo "1047"]
[PlyCount "42"]
[BlackFideId "24616214"]
[EventCountry "GER"]
[EventRounds "11"]
[EventType "swiss"]
[EventDate "2000.06.03"]

1. e4 c5 2. Nf3 d6 3. d4 cxd4 4. Nxd4 Nf6 5. Nc3 g6 6. Be2 Bg7 7. Be3 O-O 8.
O-O Nc6 9. Qd2 Bd7 10. Rad1 a6 11. f3 Qc7 12. Nb3 Ne5 13. Nd5 Nxd5 14. exd5 Nc4
15. Bxc4 Qxc4 16. Bd4 Qxd5 17. Bxg7 Qxd2 18. Rxd2 Kxg7 19. Rc1 Rfe8 20. c4 Rac8
21. c5 Rc6 1/2-1/2

[Event "DEM U12/U12w 2000"]
[Site "Überlingen GER"]
[Date "2000.06.09"]
[Round "9"]
[White "Hummel, Helmut"]
[Black "Muelenz, Claudius"]
[Result "1/2-1/2"]
[Termination "normal"]
[Board "31"]
[WhiteElo "682"]
[BlackElo "1015"]
[PlyCount "89"]
[EventCountry "GER"]
[EventRounds "11"]
[EventType "swiss"]
[EventDate "2000.06.03"]

1. e4 c5 2. Nf3 e6 3. d4 cxd4 4. Nxd4 a6 5. Nc3 Qc7 6. Be3 Nf6 7. g4 h6 8. h4
d6 9. g5 hxg5 10. Bxg5 Be7 11. Qd2 Nc6 12. Nb3 Bd7 13. O-O-O O-O-O 14. f4 e5
15. f5 Na7 16. Bxf6 Bxf6 17. Nd5 Qc6 18. Nxf6 gxf6 19. Bg2 Be8 20. h5 Qc7 21.
h6 Rh7 22. Qf2 Kb8 23. Qg3 Bb5 24. Qg7 Rxg7 25. hxg7 Qc8 26. Rh7 Kc7 27. Rdh1
Rg8 28. Rh8 Kb6 29. Bf3 Bd3 30. c3 Nb5 31. Kd2 Bc4 32. Nc1 Na7 33. b3 Bb5 34.
c4 Bd7 35. Ne2 Ka5 36. Nc3 Bc6 37. a3 b5 38. b4+ Kb6 39. cxb5 Nxb5 40. Nxb5
Bxb5 41. Bd1 Qd8 42. Bb3 Qe8 43. R1h6 Bd7 44. Rh1 Bc6 45. Ke3 1/2-1/2

[Event "DEM U12/U12w 2000"]
[Site "Überlingen GER"]
[Date "2000.06.09"]
[Round "9"]
[White "Brehmer, Johann Hinrich"]
[Black "Gossmann, Anna Maria"]
[Result "1/2-1/2"]
[Termination "normal"]
[Board "33"]
[WhiteElo "941"]
[BlackElo "820"]
[PlyCount "68"]
[EventCountry "GER"]
[EventRounds "11"]
[EventType "swiss"]
[EventDate "2000.06.03"]

1. d4 d5 2. c4 e6 3. Nc3 Nf6 4. cxd5 exd5 5. Bg5 Be7 6. e3 O-O 7. Nf3 Nbd7 8.
Bd3 b6 9. O-O Bb7 10. Qc2 h6 11. Bxf6 Nxf6 12. Rab1 Rc8 13. b4 Ba8 14. Bf5 Rb8
15. Rfc1 c5 16. bxc5 bxc5 17. Rxb8 Qxb8 18. dxc5 Bxc5 19. Rd1 Rd8 20. Rb1 Qc7
21. Nb5 Qc6 22. Nfd4 Bxd4 23. Qxc6 Bxc6 24. Nxd4 Ba4 25. Rb7 g6 26. Rxa7 gxf5
27. Rxa4 Rb8 28. Kf1 Ne4 29. Ra3 Rb2 30. f3 Nd2+ 31. Ke1 Nc4 32. Ra8+ Kh7 33.
Nxf5 Rxg2 34. h4 Ne5 1/2-1/2

[Event "DEM U12/U12w 2000"]
[Site "Überlingen GER"]
[Date "2000.06.09"]
[Round "9"]
[White "Müller, Christian"]
[Black "Popovic, Nathalie"]
[Result "1/2-1/2"]
[Termination "normal"]
[Board "34"]
[WhiteElo "914"]
[BlackElo "745"]
[PlyCount "75"]
[BlackFideId "24630292"]
[EventCountry "GER"]
[EventRounds "11"]
[EventType "swiss"]
[EventDate "2000.06.03"]

1. d4 d5 2. c4 e6 3. Nc3 Nf6 4. Bg5 c6 5. e3 Be7 6. cxd5 exd5 7. Bd3 O-O 8.
Nge2 Nbd7 9. O-O Nb6 10. Qc2 h6 11. Bh4 Bd6 12. Kh1 Re8 13. Rac1 Bd7 14. e4
dxe4 15. Nxe4 Be7 16. Bxf6 Bxf6 17. Nd6 Re7 18. Nxb7 Qc7 19. Na5 Nd5 20. Nxc6
Bxc6 21. Qxc6 Qxc6 22. Rxc6 Nb4 23. Rc3 Nxd3 24. Rxd3 Rxe2 25. d5 Rxb2 26. d6
Rxa2 27. d7 Kh7 28. g3 a5 29. Rfd1 Bd8 30. Rc3 Rb2 31. Rc8 Rbb8 32. Rdc1 a4 33.
Rxb8 Rxb8 34. Rc8 Rb1+ 35. Kg2 Bf6 36. d8=Q Bxd8 37. Rxd8 a3 38. Ra8 1/2-1/2

[Event "DEM U12/U12w 2000"]
[Site "Überlingen GER"]
[Date "2000.06.09"]
[Round "9"]
[White "Klink, Otto"]
[Black "Stemmler, Lysan"]
[Result "1-0"]
[Termination "normal"]
[Board "36"]
[WhiteElo "882"]
[BlackElo "447"]
[PlyCount "69"]
[BlackFideId "24622451"]
[EventCountry "GER"]
[EventRounds "11"]
[EventType "swiss"]
[EventDate "2000.06.03"]

1. e4 d6 2. d4 Nf6 3. Nc3 g6 4. f3 Bg7 5. Be3 h6 6. Qd2 Nbd7 7. O-O-O Nb6 8. g4
c6 9. Kb1 Nfd7 10. Bd3 e5 11. Nge2 exd4 12. Bxd4 Bxd4 13. Nxd4 Qf6 14. Be2 Nc5
15. Nb3 Nxb3 16. cxb3 Nd7 17. Qxd6 Qxd6 18. Rxd6 O-O 19. h4 Ne5 20. h5 Kg7 21.
hxg6 fxg6 22. Rf1 Kh7 23. Nd1 c5 24. Ne3 Rf4 25. Rd5 Nd7 26. Bb5 Nf8 27. Rxc5
a6 28. Rc7+ Kh8 29. Bc4 g5 30. Nd5 Ne6 31. Re7 Rf8 32. Nb6 Rb8 33. Nxc8 Rbxc8
34. Bxe6 b6 35. Bxc8 1-0

[Event "DEM U12/U12w 2000"]
[Site "Überlingen GER"]
[Date "2000.06.09"]
[Round "9"]
[White "Bräutigam, Thorben"]
[Black "Rath, Alina"]
[Result "0-1"]
[Termination "normal"]
[Board "37"]
[WhiteElo "1123"]
[BlackElo "912"]
[PlyCount "90"]
[BlackFideId "24607886"]
[EventCountry "GER"]
[EventRounds "11"]
[EventType "swiss"]
[EventDate "2000.06.03"]

1. f4 d5 2. Nf3 c6 3. d3 Qc7 4. e4 dxe4 5. dxe4 Nd7 6. Be3 e5 7. f5 Ngf6 8.
Nbd2 Bc5 9. Bxc5 Nxc5 10. Qe2 Qa5 11. c3 Qa6 12. Qe3 Qb6 13. Nxe5 Ncxe4 14.
Qxb6 axb6 15. Nxe4 Nxe4 16. g4 f6 17. Nf3 Nc5 18. Bc4 b5 19. Be2 Bd7 20. O-O
O-O 21. Rfd1 Be8 22. Nd4 Bf7 23. b3 Rfe8 24. Bf3 Re3 25. Rdc1 Rae8 26. Kf2 Nd3+
27. Kg2 Nxc1 28. Rxc1 Ra8 29. Rc2 Ree8 30. h4 Ra7 31. Kh3 Rea8 32. g5 Rxa2 33.
Rxa2 Rxa2 34. Ne6 Bxe6 35. fxe6 Kf8 36. Kg4 Ke7 37. gxf6+ Kxe6 38. fxg7 Kf7 39.
Be4 Kxg7 40. h5 Rb2 41. b4 Rb3 42. Kg5 h6+ 43. Kf4 Rxc3 44. Ke5 Rc4 45. Bf5
Rxb4 0-1

[Event "DEM U12/U12w 2000"]
[Site "Überlingen GER"]
[Date "2000.06.09"]
[Round "9"]
[White "Ehrhardt, Eric"]
[Black "Slobodan, Nadja"]
[Result "1-0"]
[Termination "normal"]
[Board "39"]
[WhiteElo "1022"]
[BlackElo "766"]
[PlyCount "43"]
[WhiteFideId "24602450"]
[EventCountry "GER"]
[EventRounds "11"]
[EventType "swiss"]
[EventDate "2000.06.03"]

1. e4 c6 2. d4 d5 3. c4 dxe4 4. Nc3 Nf6 5. f3 exf3 6. Nxf3 Bg4 7. Be2 e6 8. Bg5
Be7 9. O-O O-O 10. Qe1 Bxf3 11. Rxf3 Qxd4+ 12. Kh1 Na6 13. Rd1 Qb6 14. Qg3 Kh8
15. Qh4 Rad8 16. Rh3 Rxd1+ 17. Bxd1 h6 18. Bxh6 Kh7 19. Bc2+ g6 20. Bg5+ Nh5
21. Qxh5+ Kg8 22. Qh8# 1-0

[Event "DEM U12/U12w 2000"]
[Site "Überlingen GER"]
[Date "2000.06.09"]
[Round "9"]
[White "Kessler, Paul"]
[Black "Opaska, Ines"]
[Result "1/2-1/2"]
[Termination "normal"]
[Board "40"]
[WhiteElo "654"]
[BlackElo "990"]
[PlyCount "82"]
[EventCountry "GER"]
[EventRounds "11"]
[EventType "swiss"]
[EventDate "2000.06.03"]

1. e4 c6 2. d4 d5 3. e5 Bf5 4. Nf3 e6 5. Nc3 c5 6. Be3 Nd7 7. Bb5 b6 8. O-O a6
9. Bxd7+ Qxd7 10. a3 Bg6 11. b3 Rc8 12. Na4 Qc6 13. Re1 Qc7 14. Qe2 cxd4 15.
Bxd4 b5 16. Nc3 Bc5 17. Nxb5 axb5 18. Qxb5+ Ke7 19. Rec1 Bxd4 20. Nxd4 f6 21.
f4 Kf7 22. Nf3 Qc5+ 23. Qxc5 Rxc5 24. a4 Rxc2 25. Rxc2 Bxc2 26. b4 Ne7 27. b5
Rb8 28. Nd4 Bd3 29. Ra3 Bc4 30. Kf2 Ke8 31. Ke3 Nf5+ 32. Nxf5 exf5 33. exf6
gxf6 34. Kd4 Bxb5 35. axb5 Rxb5 36. Ra7 Rb2 37. Kxd5 Rxg2 38. Rxh7 Rf2 39. Rh6
Kf7 40. Rh4 Kg6 41. Kd4 Re2 1/2-1/2

[Event "DEM U12/U12w 2000"]
[Site "Überlingen GER"]
[Date "2000.06.09"]
[Round "9"]
[White "Tischer, Jana"]
[Black "Stelter, Christoph"]
[Result "1/2-1/2"]
[Termination "normal"]
[Board "41"]
[WhiteElo "749"]
[BlackElo "959"]
[PlyCount "65"]
[WhiteFideId "24617164"]
[EventCountry "GER"]
[EventRounds "11"]
[EventType "swiss"]
[EventDate "2000.06.03"]

1. e4 g6 2. d4 d6 3. Nc3 Bg7 4. f4 Nf6 5. Nf3 Nbd7 6. Bd3 O-O 7. O-O c5 8. e5
dxe5 9. dxe5 Ne8 10. Re1 Nc7 11. f5 b6 12. e6 fxe6 13. fxe6 Nf6 14. Ng5 Qd6 15.
Bc4 Qxd1 16. Rxd1 b5 17. Nxb5 Nxb5 18. Bxb5 Rb8 19. Bc4 Ne8 20. Nf7 Bxb2 21.
Bxb2 Rxb2 22. Bb3 c4 23. Bxc4 Rxc2 24. Bb3 Rc6 25. Rac1 Rxc1 26. Rxc1 Ng7 27.
Nh6+ Kh8 28. Rc6 a6 29. a3 Nf5 30. Nxf5 gxf5 31. Rc7 Re8 32. Kf2 Kg7 33. Kf3
1/2-1/2

[Event "DEM U12/U12w 2000"]
[Site "Überlingen GER"]
[Date "2000.06.09"]
[Round "9"]
[White "Janiesch, Maike"]
[Black "Reichel, Matti"]
[Result "0-1"]
[Termination "normal"]
[Board "42"]
[WhiteElo "465"]
[BlackElo "921"]
[PlyCount "132"]
[EventCountry "GER"]
[EventRounds "11"]
[EventType "swiss"]
[EventDate "2000.06.03"]

1. d4 c5 2. Nf3 cxd4 3. Nxd4 e6 4. Bf4 Nc6 5. Nxc6 bxc6 6. e4 d5 7. exd5 cxd5
8. Bd3 Be7 9. Nd2 Nf6 10. Qf3 O-O 11. Qg3 Re8 12. Bb5 Bd7 13. Bc7 Qc8 14. Bxd7
Qxd7 15. Be5 Qa4 16. b3 Qa6 17. c4 dxc4 18. bxc4 Qa5 19. Bc3 Qf5 20. O-O Nh5
21. Qf3 Qxf3 22. Nxf3 Nf4 23. Rfe1 Rec8 24. Re4 Ng6 25. Rd1 Rd8 26. Red4 Rxd4
27. Nxd4 Rd8 28. Rd2 Bg5 29. Re2 Bf6 30. Rd2 Rc8 31. Rc2 Rxc4 32. Nb5 a6 33.
Nd6 Rxc3 34. Rxc3 Bxc3 35. Ne4 Be5 36. g3 h6 37. f4 Bc7 38. Kf2 Kf8 39. Kf3 Ke7
40. Nc5 a5 41. a4 Kd6 42. Ne4+ Kd5 43. Nc3+ Kc4 44. Nb5 Bb8 45. h4 Kb4 46. h5
Ne7 47. Nd4 Kxa4 48. g4 Kb4 49. g5 hxg5 50. fxg5 a4 51. h6 gxh6 52. gxh6 a3 53.
Nc2+ Kb3 54. Nxa3 Kxa3 55. Kg4 Be5 56. Kf3 Kb4 57. Ke4 Ng6 58. h7 Kc5 59. Kf3
Bh8 60. Kg4 Kd4 61. Kg5 e5 62. Kg4 e4 63. Kg3 Kd3 64. Kf2 Kd2 65. Kf1 e3 66.
Kg2 e2 0-1

[Event "DEM U12/U12w 2000"]
[Site "Überlingen GER"]
[Date "2000.06.09"]
[Round "9"]
[White "Schöttler, Katharina"]
[Black "Goedeke-Tort, Maheba"]
[Result "1/2-1/2"]
[Termination "normal"]
[Board "43"]
[WhiteElo "668"]
[BlackElo "916"]
[PlyCount "68"]
[EventCountry "GER"]
[EventRounds "11"]
[EventType "swiss"]
[EventDate "2000.06.03"]

1. e4 e5 2. Nf3 Nc6 3. Bc4 Bc5 4. c3 Nf6 5. d4 exd4 6. e5 Ne4 7. Bd5 f5 8. exf6
Nxf6 9. Bb3 Qe7+ 10. Qe2 Qxe2+ 11. Kxe2 d5 12. h3 O-O 13. Bf4 Re8+ 14. Kd1 Re7
15. Re1 Rxe1+ 16. Kxe1 Bb6 17. a3 Be6 18. Nbd2 Re8 19. Kf1 Bf5 20. g4 Bd3+ 21.
Kg2 Kf8 22. g5 Nh5 23. Bg3 Nxg3 24. Kxg3 Ne7 25. Nxd4 c5 26. Ne6+ Kf7 27. Nf4
Bc7 28. Kf3 Bxf4 29. Kxf4 Ng6+ 30. Kg3 c4 31. Ba4 Re2 32. Rd1 a6 33. Bd7 b5 34.
Bc6 Ke6 1/2-1/2

[Event "DEM U12/U12w 2000"]
[Site "Überlingen GER"]
[Date "2000.06.09"]
[Round "9"]
[White "Dathe, Fabian"]
[Black "Roj, Michaela"]
[Result "1-0"]
[Termination "normal"]
[Board "44"]
[WhiteElo "1004"]
[BlackElo "1028"]
[PlyCount "67"]
[EventCountry "GER"]
[EventRounds "11"]
[EventType "swiss"]
[EventDate "2000.06.03"]

1. e4 Nf6 2. Nc3 Nc6 3. Nf3 e5 4. d4 Bb4 5. Nxe5 Nxe5 6. dxe5 Nxe4 7. Qg4 d5 8.
Qxg7 Rf8 9. Ke2 Bf5 10. Nxe4 dxe4 11. Be3 Qd7 12. a3 Qb5+ 13. Kd1 Rd8+ 14. Kc1
Qd7 15. Bc4 Bg4 16. Kb1 b5 17. axb4 bxc4 18. Bc5 Qd2 19. Qxf8+ Kd7 20. Qxf7+
Kc8 21. Qxc4 Kb8 22. Bxa7+ Kb7 23. Qxe4+ Kc8 24. Qxg4+ Kb7 25. Qe4+ Kc8 26.
Qxh7 Kb7 27. h4 Rd4 28. Bxd4 Qxd4 29. f3 Qxb4 30. Qe4+ c6 31. Qxb4+ Kc7 32. Rd1
c5 33. Ra7+ Kc8 34. Qb7# 1-0

[Event "DEM U12/U12w 2000"]
[Site "Überlingen GER"]
[Date "2000.06.09"]
[Round "9"]
[White "Garzinsky, Dominik"]
[Black "Riedel, Kristina"]
[Result "1/2-1/2"]
[Termination "normal"]
[Board "45"]
[WhiteElo "648"]
[BlackElo "765"]
[PlyCount "54"]
[BlackFideId "24659282"]
[EventCountry "GER"]
[EventRounds "11"]
[EventType "swiss"]
[EventDate "2000.06.03"]

1. e4 e5 2. f4 f6 3. Nf3 Nc6 4. Bb5 Nge7 5. d3 a6 6. Bxc6 Nxc6 7. O-O Bc5+ 8.
Kh1 O-O 9. Nc3 d6 10. f5 b5 11. Nd5 Ne7 12. Nc3 d5 13. Qe2 dxe4 14. dxe4 Qe8
15. Be3 Bxe3 16. Qxe3 Bb7 17. Qc5 Rf7 18. a4 bxa4 19. Rxa4 Qc6 20. Qxc6 Bxc6
21. Ra2 g6 22. fxg6 hxg6 23. Rfa1 Bb7 24. Nb5 axb5 25. Rxa8+ Bxa8 26. Rxa8+ Kg7
27. Rb8 c6 1/2-1/2

[Event "DEM U12/U12w 2000"]
[Site "Überlingen GER"]
[Date "2000.06.09"]
[Round "9"]
[White "Dietzen, Corinna"]
[Black "Hammerich, Nadine"]
[Result "1-0"]
[Termination "normal"]
[Board "47"]
[WhiteElo "385"]
[BlackElo "675"]
[PlyCount "75"]
[WhiteFideId "24621021"]
[EventCountry "GER"]
[EventRounds "11"]
[EventType "swiss"]
[EventDate "2000.06.03"]

1. e4 e5 2. Nf3 Nc6 3. Bc4 Nf6 4. Nc3 Bb4 5. d3 d6 6. h3 O-O 7. O-O Nd4 8. Bg5
Bd7 9. Nd5 Be6 10. Nxb4 Bxc4 11. dxc4 Ne6 12. Bh4 Qe7 13. Nd5 Qd8 14. Nxf6+
gxf6 15. Qe2 Nf4 16. Qe3 Qe7 17. Bg3 Nh5 18. Bh4 Qe6 19. Qh6 Ng7 20. Bxf6 Qxf6
21. Qxf6 a6 22. Nh4 Rad8 23. Nf5 Nh5 24. Qg5+ Kh8 25. Qxh5 Rg8 26. Qh6 Rg6 27.
Qh4 Rdg8 28. g4 Rg5 29. Ne7 R8g7 30. f4 R5g6 31. Nxg6+ Rxg6 32. f5 Rg7 33. Qf6
a5 34. h4 Kg8 35. h5 Rxg4+ 36. Kh2 Kf8 37. Rg1 Rf4 38. Qd8# 1-0

[Event "DEM U12/U12w 2000"]
[Site "Überlingen GER"]
[Date "2000.06.09"]
[Round "9"]
[White "Bodenschatz, Monique"]
[Black "Weber, Julia"]
[Result "1/2-1/2"]
[Termination "normal"]
[Board "48"]
[WhiteElo "350"]
[BlackElo "452"]
[PlyCount "64"]
[EventCountry "GER"]
[EventRounds "11"]
[EventType "swiss"]
[EventDate "2000.06.03"]

1. d4 d5 2. c4 dxc4 3. Nc3 Nc6 4. Nf3 Bg4 5. Bg5 h6 6. Bh4 g5 7. Bg3 f5 8. e3
Na5 9. Qa4+ c6 10. b4 b5 11. Qxa5 Qxa5 12. bxa5 e6 13. Rb1 b4 14. Na4 Bxf3 15.
gxf3 c3 16. Bd3 h5 17. Be5 Rh6 18. Nc5 Bxc5 19. dxc5 Rd8 20. Bc2 Rd2 21. Rc1
Ne7 22. O-O Rg6 23. Bd6 g4 24. f4 h4 25. Rfd1 Re2 26. Rf1 g3 27. Bd1 Rxa2 28.
Bh5 gxf2+ 29. Kh1 b3 30. Bxe7 Kxe7 31. Bxg6 Kf6 32. Bh5 b2 1/2-1/2

[Event "DEM U12/U12w 2000"]
[Site "Überlingen GER"]
[Date "2000.06.09"]
[Round "9"]
[White "Hahn, Eva-Katharina"]
[Black "Mayer, Carina"]
[Result "0-1"]
[Termination "normal"]
[Board "49"]
[WhiteElo "392"]
[BlackElo "401"]
[PlyCount "80"]
[EventCountry "GER"]
[EventRounds "11"]
[EventType "swiss"]
[EventDate "2000.06.03"]

1. e4 e5 2. Bc4 Nf6 3. Nf3 Bc5 4. Nxe5 O-O 5. O-O Qe7 6. d4 Bd6 7. Bf4 Nxe4 8.
Qd3 Nf6 9. Nc3 Nc6 10. Rae1 Nb4 11. Qf3 Nxc2 12. Re2 Nxd4 13. Qd3 Nxe2+ 14.
Qxe2 Re8 15. Bxf7+ Kf8 16. Bxe8 Qxe8 17. Ng6+ Qxg6 18. Bxd6+ cxd6 19. Re1 Rb8
20. Qe7+ Kg8 21. Qxd6 Ra8 22. Qc7 d6 23. Re7 Bh3 24. Rxg7+ Qxg7 25. Qxg7+ Kxg7
26. gxh3 Nh5 27. Nb5 Re8 28. Nxd6 Re2 29. Nxb7 Nf4 30. Kf1 Rxb2 31. Ke1 Rxb7
32. f3 Nxh3 33. a4 Rb2 34. a5 Ng1 35. a6 Rb1+ 36. Kf2 Nh3+ 37. Kg2 Nf4+ 38. Kf2
Ra1 39. h4 Rxa6 40. h5 Rf6 0-1

[Event "DEM U12/U12w 2000"]
[Site "Überlingen GER"]
[Date "2000.06.09"]
[Round "10"]
[White "Armbrust, Florian"]
[Black "Frübing, Stefan"]
[Result "1/2-1/2"]
[Termination "normal"]
[Board "1"]
[WhiteElo "1747"]
[BlackElo "1724"]
[PlyCount "69"]
[WhiteFideId "4691350"]
[BlackFideId "4682165"]
[EventCountry "GER"]
[EventRounds "11"]
[EventType "swiss"]
[EventDate "2000.06.03"]

1. e4 c5 2. Nf3 Nc6 3. d4 cxd4 4. Nxd4 g6 5. c4 Nf6 6. Nc3 Nxd4 7. Qxd4 d6 8.
Be3 Bg7 9. f3 O-O 10. Qd2 Be6 11. Be2 Qa5 12. Rc1 Rfc8 13. b3 a6 14. Na4 Qxd2+
15. Kxd2 Nd7 16. Rc2 Rc6 17. Rhc1 Rac8 18. h3 Kf8 19. g4 Nc5 20. Nc3 Ke8 21.
Nd5 Nd7 22. Nf4 Nc5 23. Nd5 Nd7 24. Nb4 R6c7 25. f4 a5 26. Nd3 Nc5 27. Bf3 b6
28. b4 axb4 29. Nxb4 Ra7 30. f5 Bd7 31. Nd5 Rb8 32. Rb1 Ba4 33. Rcc1 Bc6 34.
Rc2 Ba4 35. Rbc1 1/2-1/2

[Event "DEM U12/U12w 2000"]
[Site "Überlingen GER"]
[Date "2000.06.09"]
[Round "10"]
[White "Siebarth, Raiko"]
[Black "Lutz, Dieter"]
[Result "0-1"]
[Termination "normal"]
[Board "2"]
[WhiteElo "1488"]
[BlackElo "2185"]
[PlyCount "66"]
[WhiteFideId "4674766"]
[BlackFideId "4667565"]
[EventCountry "GER"]
[EventRounds "11"]
[EventType "swiss"]
[EventDate "2000.06.03"]

1. d4 Nf6 2. Nf3 e6 3. c4 b6 4. Nc3 Bb7 5. Bg5 Be7 6. e3 d6 7. Bd3 Nbd7 8. O-O
O-O 9. Rc1 Rc8 10. Qe2 Re8 11. Rfd1 c5 12. dxc5 Rxc5 13. Bb1 Bxf3 14. Qxf3 Rxg5
15. Nb5 Rc5 16. Nxa7 Ne5 17. Qe2 Qb8 18. Nb5 Nxc4 19. Rxc4 Rxb5 20. Rh4 Rc5 21.
Qf3 g6 22. Qh3 Qc8 23. g4 Rc1 24. Qf3 Qc6 25. Qe2 Rc8 26. Bd3 Rxd1+ 27. Qxd1
Qc1 28. Qxc1 Rxc1+ 29. Kg2 Rd1 30. Bc4 Rd2 31. b4 Ne4 32. Rh6 d5 33. Bb3 Nxf2
0-1

[Event "DEM U12/U12w 2000"]
[Site "Überlingen GER"]
[Date "2000.06.09"]
[Round "10"]
[White "Lieder, Konrad"]
[Black "Figura, Atila"]
[Result "0-1"]
[Termination "normal"]
[Board "4"]
[WhiteElo "1323"]
[BlackElo "1789"]
[PlyCount "86"]
[WhiteFideId "4692721"]
[BlackFideId "4688058"]
[EventCountry "GER"]
[EventRounds "11"]
[EventType "swiss"]
[EventDate "2000.06.03"]

1. d4 d5 2. c4 e6 3. Nc3 c6 4. e3 f5 5. Nf3 Nf6 6. Bd2 Bd6 7. cxd5 exd5 8. Bd3
O-O 9. Qc2 Ne4 10. h3 Qf6 11. Rf1 a5 12. Qb3 Kh8 13. O-O-O Be6 14. Qxb7 Nd7 15.
Qxc6 Rfc8 16. Qa4 Nb6 17. Qb5 Rab8 18. Qxa5 Qe7 19. Ne5 Bb4 20. Qa6 Nxc3 21.
bxc3 Na8 22. Bb1 Ba3+ 23. Kc2 f4 24. g4 fxg3 25. fxg3 Bxh3 26. Rf4 Rf8 27. Nf7+
Kg8 28. Rh1 Bf5+ 29. Rxf5 Qe4+ 30. Qd3 Rb2+ 31. Kd1 Qxh1+ 32. Ke2 Rxb1 33. g4
Qg2+ 34. Rf2 Qxg4+ 35. Rf3 Rxf7 36. Qa6 Qxf3+ 37. Kd3 Qf1+ 38. Kc2 Qxa6 39.
Kxb1 Rb7+ 40. Kc2 Rb2+ 41. Kd1 Qd3 42. Ke1 Qxd2+ 43. Kf1 Qf2# 0-1

[Event "DEM U12/U12w 2000"]
[Site "Überlingen GER"]
[Date "2000.06.09"]
[Round "10"]
[White "Dück, Stefan"]
[Black "Abel, Dennes"]
[Result "0-1"]
[Termination "normal"]
[Board "5"]
[WhiteElo "1740"]
[BlackElo "1348"]
[PlyCount "68"]
[WhiteFideId "4681355"]
[BlackFideId "24605417"]
[EventCountry "GER"]
[EventRounds "11"]
[EventType "swiss"]
[EventDate "2000.06.03"]

1. e4 c5 2. Nf3 Nc6 3. d4 cxd4 4. Nxd4 g6 5. Be3 Bg7 6. Nc3 Nf6 7. Bc4 O-O 8.
f3 Qb6 9. Bb3 Nxe4 10. Nxe4 Bxd4 11. Bxd4 Qxd4 12. Qxd4 Nxd4 13. Ba4 b5 14.
O-O-O Ne2+ 15. Kd2 Nd4 16. Kd3 Nxf3 17. Bxb5 Ne5+ 18. Ke3 Rb8 19. Rd5 d6 20.
Nc3 Be6 21. Rd2 a6 22. Bxa6 Bc4 23. Nd5 Bxa6 24. Nxe7+ Kg7 25. b3 Rfe8 26. Rxd6
Bb7 27. Kf2 Rxe7 28. Rd2 Ng4+ 29. Kg3 h5 30. h3 Re3+ 31. Kh4 Kh6 32. Rd6 Rd8
33. Rhd1 Rxd6 34. Rxd6 f6 0-1

[Event "DEM U12/U12w 2000"]
[Site "Überlingen GER"]
[Date "2000.06.09"]
[Round "10"]
[White "Grimberg, Boris"]
[Black "Zelba, Maurizio"]
[Result "0-1"]
[Termination "normal"]
[Board "6"]
[WhiteElo "1278"]
[BlackElo "1728"]
[PlyCount "96"]
[WhiteFideId "4697499"]
[BlackFideId "4677390"]
[EventCountry "GER"]
[EventRounds "11"]
[EventType "swiss"]
[EventDate "2000.06.03"]

1. e4 c5 2. Nf3 Nc6 3. d4 cxd4 4. Nxd4 Nf6 5. Nc3 e5 6. Ndb5 d6 7. Bg5 a6 8.
Na3 b5 9. Nd5 Be7 10. Bxf6 Bxf6 11. c3 O-O 12. Nc2 Bg5 13. Nce3 Ne7 14. Bd3 Bb7
15. Nxe7+ Qxe7 16. Nf5 Qe6 17. O-O d5 18. exd5 Bxd5 19. Ng3 Qc6 20. Qh5 h6 21.
Qh3 Rad8 22. Rfd1 Be6 23. Qh5 f5 24. Bc2 e4 25. Bb3 Bxb3 26. axb3 Qe6 27. b4 f4
28. Ne2 Rxd1+ 29. Rxd1 e3 30. Qf3 Qb3 31. Qd5+ Qxd5 32. Rxd5 f3 33. gxf3 Rxf3
34. fxe3 Bxe3+ 35. Kh1 Rf1+ 36. Kg2 Rf2+ 37. Kg3 Rxe2 38. Kf3 Rd2 39. Re5 Bg5
40. Re6 Rxh2 41. Rxa6 Rxb2 42. Rb6 Rb3 43. Rxb5 Rxc3+ 44. Kg2 Rc8 45. Kg3 Bf6
46. Rb7 Be5+ 47. Kf3 Rb8 48. Rxb8+ Bxb8 0-1

[Event "DEM U12/U12w 2000"]
[Site "Überlingen GER"]
[Date "2000.06.09"]
[Round "10"]
[White "Bäumler, Ilja"]
[Black "Wenger, Carsten"]
[Result "0-1"]
[Termination "normal"]
[Board "7"]
[WhiteElo "1687"]
[BlackElo "1567"]
[PlyCount "42"]
[WhiteFideId "4681070"]
[EventCountry "GER"]
[EventRounds "11"]
[EventType "swiss"]
[EventDate "2000.06.03"]

1. e4 e5 2. Nf3 Nc6 3. Bc4 Nf6 4. d3 Bc5 5. c3 O-O 6. O-O d6 7. b4 Bb6 8. a4 a5
9. b5 Ne7 10. Qb3 Bg4 11. Nbd2 Ng6 12. h3 Bd7 13. Ba3 Nf4 14. d4 Re8 15. Bxf7+
Kh8 16. dxe5 dxe5 17. Bxe8 Qxe8 18. Ng5 h6 19. Ngf3 Bxh3 20. c4 Qh5 21. Rfe1
Bxg2 0-1

[Event "DEM U12/U12w 2000"]
[Site "Überlingen GER"]
[Date "2000.06.09"]
[Round "10"]
[White "Rehberg, Raphael"]
[Black "Reiske, Anne"]
[Result "1-0"]
[Termination "normal"]
[Board "8"]
[WhiteElo "1483"]
[BlackElo "1337"]
[PlyCount "119"]
[WhiteFideId "4686799"]
[BlackFideId "24635472"]
[EventCountry "GER"]
[EventRounds "11"]
[EventType "swiss"]
[EventDate "2000.06.03"]

1. e4 e5 2. d4 exd4 3. Nf3 Nc6 4. Bc4 Bc5 5. c3 Nge7 6. cxd4 Bb4+ 7. Nc3 O-O 8.
d5 Bxc3+ 9. bxc3 Na5 10. Bd3 b6 11. O-O Nb7 12. Bb2 c6 13. c4 d6 14. Nd4 c5 15.
Nb3 Ng6 16. f4 f6 17. Qd2 Qc7 18. Rf3 f5 19. Re1 fxe4 20. Bxe4 Bf5 21. Bxf5
Rxf5 22. g4 Rff8 23. f5 Ne5 24. Bxe5 dxe5 25. Qg5 Rae8 26. f6 h6 27. Qg6 Qf7
28. Qxf7+ Rxf7 29. Ref1 Ref8 30. fxg7 Kxg7 31. Rxf7+ Rxf7 32. Rxf7+ Kxf7 33.
Nd2 Nd6 34. Kf2 Kf6 35. Ke3 Kg6 36. Kd3 a6 37. Ne4 Nb7 38. a4 a5 39. d6 Nd8 40.
d7 Kf7 41. Nd6+ Ke6 42. Nf5 Kxd7 43. Nxh6 Ke6 44. g5 Nc6 45. h4 Nb4+ 46. Kd2 e4
47. h5 Nd3 48. Ng4 Kf5 49. h6 Nf4 50. h7 Ng6 51. Nh6+ Kxg5 52. Nf7+ Kf6 53.
h8=Q+ Nxh8 54. Nxh8 Kg7 55. Ke3 Kxh8 56. Kxe4 Kg7 57. Kd5 Kf6 58. Kc6 Ke5 59.
Kxb6 Kd4 60. Kb5 1-0

[Event "DEM U12/U12w 2000"]
[Site "Überlingen GER"]
[Date "2000.06.09"]
[Round "10"]
[White "Behm, Simon"]
[Black "Klaiber, Markus"]
[Result "1-0"]
[Termination "normal"]
[Board "9"]
[WhiteElo "1712"]
[BlackElo "1078"]
[PlyCount "99"]
[WhiteFideId "4691962"]
[EventCountry "GER"]
[EventRounds "11"]
[EventType "swiss"]
[EventDate "2000.06.03"]

1. d4 d5 2. c4 Nf6 3. cxd5 Nxd5 4. e4 Nb6 5. Nc3 e6 6. Nf3 c5 7. Be3 cxd4 8.
Bxd4 Nc6 9. Be3 Bd7 10. Bb5 a6 11. Bxc6 Bxc6 12. Qxd8+ Rxd8 13. Bxb6 Rc8 14.
O-O Bb4 15. Rac1 O-O 16. e5 Bxf3 17. gxf3 Bc5 18. Bxc5 Rxc5 19. f4 Rc4 20. Ne2
Re4 21. Rc2 Rb4 22. Rfc1 g6 23. a3 Rb5 24. b4 a5 25. Rc5 Rxc5 26. Rxc5 axb4 27.
axb4 Rd8 28. f3 Rd2 29. Kf2 Rb2 30. Rb5 h5 31. Rxb7 Kf8 32. b5 Ke8 33. b6 Kf8
34. Rb8+ Ke7 35. b7 Kd7 36. Rf8 Kc7 37. b8=Q+ Rxb8 38. Rxb8 Kxb8 39. Kg3 Kc7
40. Kh4 Kd7 41. Kg5 Ke7 42. Nd4 Kf8 43. Kf6 Ke8 44. Kg7 Ke7 45. Nc6+ Ke8 46. h4
Kd7 47. Kxf7 Kxc6 48. Kxe6 Kc7 49. Kf7 Kd7 50. e6+ 1-0